Law & practice of hurt & homicide, including rioting & dacoity : (Record no. 46154)
[ view plain ]
| 000 -LEADER | |
|---|---|
| fixed length control field | 01476cam a2200277u 4500 |
| 001 - CONTROL NUMBER | |
| control field | 46154 |
| 003 - CONTROL NUMBER IDENTIFIER | |
| rucl marc code | BD-RjUL |
| 005 - DATE AND TIME OF LATEST TRANSACTION | |
| control field | 20211209054120.0 |
| 008 - FIXED-LENGTH DATA ELEMENTS--GENERAL INFORMATION | |
| fixed length control field | 160801s1949 ii 000 0 eng |
| 035 ## - SYSTEM CONTROL NUMBER | |
| System control number | (BD-RjUL)46272 |
| 040 ## - CATALOGING SOURCE | |
| Original cataloging agency | DLC |
| Transcribing agency | CarP |
| Modifying agency | DLC |
| -- | (BD-RjUL) |
| Language of cataloging | eng |
| 041 ## - LANGUAGE CODE | |
| Language code of text/sound track or separate title | eng |
| 082 ## - DEWEY DECIMAL CLASSIFICATION NUMBER | |
| Edition number | 23 |
| Classification number | 343.520954 |
| Author mark and year | RUL 1949 |
| 100 1# - MAIN ENTRY--PERSONAL NAME | |
| Personal name | Rust, P. J. [from old catalog] |
| 9 (RLIN) | 141055 |
| 245 10 - TITLE STATEMENT | |
| Title | Law & practice of hurt & homicide, including rioting & dacoity : |
| Remainder of title | being a complete, self-contained and explanatory treatise on homicide, hurt, murder, assault with intent to kill, human loss or injuries through automobile or other accidents, excusable or justificable homicide, indictment or information, presumption or burden of proof, admissibility in general, dying declaration proceedings at inquest, weight and sufficiency, conduct of trials, questions for court or jury, instructions and general aspects, verdict, new trials, sentence and punishment, private defence, extradition, rioting and dacoity, post mortem connecting legal problems and medical practices, etc., etc / |
| Statement of responsibility, etc. | P. J. Rust [from old catalog] |
| 250 ## - EDITION STATEMENT | |
| Edition statement | 2d ed. |
| 260 ## - PUBLICATION, DISTRIBUTION, ETC. (IMPRINT) | |
| Place of publication, distribution, etc. | Allahabad : |
| Name of publisher, distributor, etc. | Law Book Co., |
| Date of publication, distribution, etc. | 1949. |
| 300 ## - PHYSICAL DESCRIPTION | |
| Pagination | xxvii, 611 p. ; |
| Size | 25 cm. |
| 500 ## - GENERAL NOTE | |
| General note | Index present |
| 504 ## - BIBLIOGRAPHY, ETC. NOTE | |
| Bibliography, etc | Bibliography present |
| 650 #0 - SUBJECT ADDED ENTRY--TOPICAL TERM | |
| Topical term or geographic name as entry element | Homicide |
| Geographic subdivision | India. |
| 9 (RLIN) | 141056 |
| Topical term or geographic name as entry element | Assault and battery |
| Geographic subdivision | India. |
| 9 (RLIN) | 141057 |
| 700 1# - ADDED ENTRY--PERSONAL NAME | |
| Personal name | Aiyar, K. J. |
| Dates associated with a name | 1885- |
| 942 ## - ADDED ENTRY ELEMENTS (KOHA) | |
| Source of classification or shelving scheme | Dewey Decimal Classification |
| Koha item type | Books |
| Lost status | Source of classification or shelving scheme | Damaged status | Not for loan | Collection code | Permanent Location | Current Location | Shelving location | Date acquired | Source of acquisition | Cost, normal purchase price | Total Checkouts | Full call number | Date last seen | Copy number | Koha item type |
|---|---|---|---|---|---|---|---|---|---|---|---|---|---|---|---|
| Dewey Decimal Classification | Not For Loan | Non-fiction | Central Library, University of Rajshahi | Central Library, University of Rajshahi | Reading Room | 18/09/1968 | Zeithlinger | 11.60 | 343.520954 RUL 1949 | 01/08/2016 | C-1 | Books |